000 01134nam a22003617a 4500
001 000062999
003 CHAP
005 20220329141043.0
008 971013s r 00010 d
010 _a61926
011 _a62898
035 _a67074
040 _cCHAP
090 _aFolleto 14852
100 0 0 _aCasique Urrutia, Doravelia.
_919842
245 1 0 _aParámetros productivos y reproductivos de patos y gansos.
260 _aChapingo, Méx. :
_bUACH. Departamento de Zootecnia,
_c(199?).
300 _a10 h.
590 _aBATCH-UPD
_b10
_c20130110
_lUCH01
_h0217
590 _aBATCH-UPD
_b10
_c20130110
_lUCH01
_h1509
590 _aBATCH-UPD
_b10
_c20130409
_lUCH01
_h2236
590 _aBATCH-UPD
_b10
_c20130914
_lUCH01
_h0855
590 _aCONVERSION
_b10
_c20130109
_lUCH01
_h1333
590 _aE5995AHE
_b05
_c20150212
_lUCH01
_h1318
650 1 4 _aGansos.
_945563
650 1 4 _aPatos.
_986202
700 0 _aLeón Santos, Rolando.
_966186
901 _aBK
942 _cFOLL
942 _n0
949 _aFolleto 14852
_bBC
_cFOLL
_d670741
_eTS1
_fc.2
_i67074
_sb
949 _aFolleto 14852
_bBC
_cUACH
_d-152310
_eUACH
_i67074
_si
999 _c61926
_d61926